00890cam a22002174a 450000500170000000800410001702000150005804000290007304100080010204400070011008200190011710000240013624501220016026000440028230000940032650400750042065000650049565000420056070000360060270000340063820160331153108.0010905s2001 gw a b 001 0 eng  a3540414762 aDLCcDLCdDLCdCO-BoIAVH0 aeng agx04a526.0285bC55t1 aChristakos, George.10aTemporal GIS :badvanced functions for field-based applications /cGeorge Christakos, Patrick Bogaert, Marc L. Serre. aBerlin :aNew York :bSpringer,cc2001. axii, 217 páginas :bilustraciones ;c24 x 16 centímetros +e1 CD-ROM (4 3/4 pulgadas) aIncluye referencias bibliográficas (páginas [209]-213) e índice. 6aSistemas de información geográficaxStatistical methods. 0aBayesian statistical decision theory.1 aBogaert, Patrick,d1966-eautor1 aSerre, Marc L.,d1967-eautor